| 000 | 00979cab a2200313 4500 | ||
|---|---|---|---|
| 001 | WB3110-48 | ||
| 008 | 090401t1995 xxu||||| |||| 00| 0 eng d | ||
| 035 | _a(Sirsi) u22801 | ||
| 041 | _aeng | ||
| 245 | _aSegregation of surveying firms` roles | ||
| 260 | _c1995 | ||
| 350 | _a0 | ||
| 490 |
_aProperty Week _v50(10) 9 March 1995, 5(1) |
||
| 520 | _aMartin Myers advocates a segregation of the agency and professional sides of a surveying firm in order to avoid conflicts of interest, in line with the US system. | ||
| 650 | _aCOMMERCIAL AGENTS | ||
| 650 | _aCONFLICTS OF INTEREST | ||
| 650 | _aFEE STRUCTURES | ||
| 650 | _aMYERS MARTIN | ||
| 650 | _aPROFESSIONAL ADVICE | ||
| 650 | _aPROPERTY BROKERS | ||
| 650 | _aSEGREGATION | ||
| 650 | _aSURVEYING FIRMS | ||
| 650 | _aUNITED STATES | ||
| 650 | _aVALUATIONS | ||
| 690 | _aMANAGEMENT-BUSINESS MANAGEMENT-PROFESSIONAL PRACTICE | ||
| 690 | _aRATING AND VALUATION | ||
| 942 | _n0 | ||
| 948 | _c04/03/1997 | ||
| 999 |
_c15287 _d15287 |
||